| 000 | 00825nam a2200229Ii 4500 | ||
|---|---|---|---|
| 003 | JO-AjNU | ||
| 008 | 230605s9999||||xx |||||||||||||| ||und|| | ||
| 017 | _a2004/8/2139 | ||
| 020 | _a978-9957-16-050-0 | ||
| 040 |
_aJO-AjNU _bara _erda _cJO-AjNU |
||
| 041 | _aara | ||
| 050 | 1 | 4 | _aK52.E5.A7298.2015 |
| 100 | 3 |
_a العقايلة ، زيد محمود, _eauthor _950647 |
|
| 245 | 0 | 0 | _aالمصطلحات القانونية باللغة الإنجليزية مع ترجمة كاملة إلى اللغة العربية |
| 250 | _aط7 | ||
| 264 | 3 | 1 | _aعمان : دار الثقافة ، 2015 |
| 300 | _a336ص | ||
| 336 |
_atext _btxt _2rdacontent |
||
| 337 |
_aunmediated _bn _2rdamedia |
||
| 338 |
_avolume _bnc _2rdacarrier |
||
| 650 | 4 |
_aالقانون -- اللغة الانجليزية -- القواميس _950648 |
|
| 999 |
_aA22323 _c25891 _d25891 |
||